COMMUNITY HEALTH NURSING -1 FOR GNM 1ST YEAR STUDENTS (Record no. 20125)

MARC details
000 -LEADER
fixed length control field 00385nam a22001577a 4500
003 - CONTROL NUMBER IDENTIFIER
control field SGT
020 ## - INTERNATIONAL STANDARD BOOK NUMBER
International Standard Book Number 978-93-84765-73-6
082 ## - DEWEY DECIMAL CLASSIFICATION NUMBER
Classification number 610.734
Item number C17K
100 ## - MAIN ENTRY--PERSONAL NAME
Personal name KAUR SIMRAT
245 ## - TITLE STATEMENT
Title COMMUNITY HEALTH NURSING -1 FOR GNM 1ST YEAR STUDENTS
250 ## - EDITION STATEMENT
Edition statement 1ST
260 ## - PUBLICATION, DISTRIBUTION, ETC. (IMPRINT)
Place of publication, distribution, etc INDIA
Name of publisher, distributor, etc LOTUS PUB
Year of Publication 2017
300 ## - PAGE DESCRIPTION
No. of Pages 999
650 ## - SUBJECT ADDED ENTRY--TOPICAL TERM
Topical term or geographic name as entry element COMMUNITY HEALTH NURSING
942 ## - ADDED ENTRY ELEMENTS (KOHA)
Source of classification or shelving scheme Dewey Decimal Classification
Koha item type Books
942 ## - ADDED ENTRY ELEMENTS (KOHA)
-- 68
Holdings
Withdrawn status Lost status Source of classification or shelving scheme Damaged status Not for loan Collection code Home library Current library Shelving location Date acquired Vendor Name SGTU Total Checkouts Total Renewals Full call number Accession No. (Barcode) Date last seen Date last borrowed Bill Date Koha item type
    Dewey Decimal Classification     NURSING SGT Medical Library SGT Medical Library Text Book 01/06/2020 COMP SGTU 45 2 610.734 C17K FN4067 01/10/2025 17/09/2025 01/06/2020 Books
    Dewey Decimal Classification     NURSING SGT Medical Library SGT Medical Library Text Book 01/06/2020 COMP SGTU 43   610.734 C17K FN4068 16/04/2026 02/04/2026 01/06/2020 Books